| 000 | 00527nam a22001697a 4500 | ||
|---|---|---|---|
| 005 | 20240923105223.0 | ||
| 008 | 240920b |||||||| |||| 00| 0 eng d | ||
| 020 | _a978-93-5480-051-1 | ||
| 041 | _aeng | ||
| 082 | _a615.190 78 | ||
| 100 |
_aGAUTAM,DR.PAVAN K. & SINGH, DR. VISHNU DUTT AND SAXENA, DR. VASUNDHARA , AND SAXENA, MRS MONIKA _98580 |
||
| 245 | _aLAB MANUAL PRACTICAL [D.PHARMA ] PART-1 | ||
| 260 |
_aLUCKNOW _bTHAKUR PUBLICATION PVT.LTD |
||
| 300 | _aE-73;P | ||
| 650 |
_aPHARMACY _xD.PHARMA |
||
| 942 | _cBK | ||
| 999 |
_c8711 _d8709 |
||